000 00584nam a2200229Ia 4500
003 OSt
005 20220916111056.0
006 a|||||r|||| 00| 0
007 ta
008 220915b |||||||| |||| 00| 0 eng d
024 _a248532
037 _cTextbook
040 _beng
_aARTS
_cARTS
041 _aeng
082 _aB2817:(7), M3
100 _aKalton Graham
245 0 _aIntroduction to survey sampling
260 _aLondon
_bSage Publications UK
300 _a96p.
_ccm.
942 _hB2817:(7), M3
_cTB
_2CC
999 _c105054
_d105054